000 00494nam a2200181Ia 4500
005 20230316112145.0
008 131103s9999 xx 000 0 und d
040 _aLoreto College
041 _aEnglish
082 _a891.44
_bMUK
100 _aMukherjee, Dhurjutiprasad
245 _aAmra o tahara
_cDhurjutiprasad Mukherjee
260 _aCalcutta
_bIndian Associated Pub
_c1956
300 _a186p
650 _aEnglish Literature - History and Criticism
850 _aLCLIB
942 _cBK
999 _c20413
_d70892